Cargando...
Jean paul sartre/
| Autor Principal: | |
|---|---|
| Formato: | Printed Book |
| Idioma: | English |
| Publicado: |
Trichur:
Viswadarsana,
1986.
|
| Subjects: |
| LEADER | 00538 a2200157 4500 | ||
|---|---|---|---|
| 008 | 150103s9999 000 0 eng | ||
| 082 | |a 194 | ||
| 100 | |a Vasudevan Nair, Kalarkode | ||
| 245 | |a Jean paul sartre/ | ||
| 260 | |a Trichur: |b Viswadarsana, |c 1986. | ||
| 300 | |a 79 p. | ||
| 650 | |a Sartre, Jean-Paul | ||
| 653 | |a French philosophy | ||
| 942 | |c BK | ||
| 999 | |c 306772 |d 306772 | ||
| 952 | |0 0 |1 0 |2 ddc |4 0 |6 M_194_000000000000000_VAS_JE |7 0 |9 351919 |a DRA |b DRA |c ST1 |d 2012-12-06 |i 3872 |l 2 |o M 194 VAS/JE |p DRA3872 |r 2021-12-14 |s 2021-11-30 |v 10.00 |w 2012-12-06 |y BK | ||